Seleção de Contos Populares Portugueses (Registo nº 4693)

Detalhes MARC
000 -Etiqueta do registo
Cabeçalho 01056nam 22003013 4500
010 ## - Número internacional normalizado dos livros (ISBN)
Número (ISBN) 9789720726834
100 ## - Dados gerais de processamento
Dados gerais de processamento 20260212d2014 u||y0pory50 ba
101 ## - Língua de publicação
Língua do texto, banda sonora, etc. Português
102 ## - Pais de publicação ou produção
País de publicação Portugal
200 1# - Titulo e menção de responsabilidade
Título próprio Seleção de Contos Populares Portugueses
Primeira menção de responsabilidade Adolfo Coelho
Outras menções de responsabilidade il. Rita Duque
205 ## - Menção da edição
Menção da edição
210 ## - Publicação, Distribuição, etc. 
Lugar da edição, distribuição, etc. Porto
Nome do editor, distribuidor, etc. Porto Editora
Data da publicação, distribuição, etc. 2014
215 ## - Descrição física 
Indicação específica da natureza do documento e extensão da espécie 39 p.
Outras indicações físicas il.
225 1# - Colecção 
Título próprio da colecção Educação Literária
330 ## - Sumário ou Resumo
Texto da nota Os contos apresentados neste livro - História da Carochinha, O rabo do gato, O pinto borrachudo e O príncipe com orelhas de burro - fazem parte da cultura popular portuguesa. De uma forma lúdica, as crianças aprenderão muito com as personagens destas histórias.
510 1# - Título paralelo
Título paralelo Seleção de Contos Populares Portugueses
517 1# - Outras variantes do título
Variant Title História da Carochinha
Variant Title O rabo do Gato
Variant Title O pinto borrachudo
Variant Title O príncipe com orelhas de burro
675 ## - Classificação Decimal Universal (CDU)
Notação 821.134.3
Edição 3ª ed.
Língua da edição por
700 #1 - Nome de autor-pessoa física (responsabilidade principal)
Palavra de ordem Coelho
Outra parte do nome não tomada para palavra de ordem Adolfo
942 ## - Elementos de entrada adicionados (Koha)
Tipo de item no Koha Livro
990 ## - Elementos KOHA
Koha item type Livro
Suppress in OPAC Escondido
994 ## - Estado da catalogação
Situação PARA CORRIGIR
Exemplares
Situação do levantamento Nº de registo manual Origin of item (home branch) (coded) Biblioteca de empréstimo Lending or holding organisation (holding branch) code Código de barras Cota Circulation type (not for loan) Tipo de documento Damaged status
  20205 Biblioteca Escolar da Coca Maravilhas Biblioteca Escolar da Coca Maravilhas Biblioteca Escolar da Coca Maravilhas BECM20205 8C COE   Livro  
  20206 Biblioteca Escolar da Coca Maravilhas Biblioteca Escolar da Coca Maravilhas Biblioteca Escolar da Coca Maravilhas BECM20206 8C COE   Livro  
  20207 Biblioteca Escolar da Coca Maravilhas Biblioteca Escolar da Coca Maravilhas Biblioteca Escolar da Coca Maravilhas BECM20207 8C COE   Livro